|
|
|
|
| LEADER |
00000nab a2200000 a 4500 |
| 001 |
vtls000360844 |
| 003 |
SK-MaSNL |
| 005 |
20260318125022.0 |
| 008 |
230217c1987 xo 0 eng |
| 015 |
|
|
|a SNBRB19rr/mm-uuuuu
|
| 035 |
|
|
|a CL0360966
|
| 035 |
|
|
|a urn:nbn:sk:snk-ab1qen
|
| 035 |
|
|
|a (urnnbn)urn:nbn:sk:snk:ar-004zo5
|
| 035 |
|
|
|a (uuid)73a01130-f00f-4925-83f7-0bf9ac399df6
|
| 040 |
|
|
|a SNKBUCL
|b slo
|c SNKBUCL
|e AACR2
|
| 041 |
0 |
|
|a eng
|
| 044 |
|
|
|a xo
|c SK
|
| 080 |
|
|
|a 519.713:681.327.22
|2 1981
|
| 080 |
|
|
|a 681.327.22
|2 1981
|
| 100 |
1 |
|
|a Marko, František
|4 aut
|9 6025
|
| 245 |
1 |
0 |
|a Games between sequential machines
|c František Marko
|
| 300 |
|
|
|b Obr. 3. Res. rus., angl., lit. 4 zázn. v slov., angl.
|
| 650 |
0 |
7 |
|a konečný automat
|2 snkbucl
|9 50410
|
| 650 |
0 |
7 |
|a počítačové hry
|2 snkbucl
|9 1855
|
| 655 |
|
7 |
|a články z novín a časopisov
|2 snkbucl
|9 267496
|
| 773 |
0 |
|
|t Computers and artificial intelligence
|g Roč. 6, č. 1 (1987), s. 81-93
|
| 850 |
|
|
|a Slovenská národná knižnica v Martine
|a MTA001
|
| 852 |
|
|
|a SNK
|b KIS3GCP
|
| 958 |
|
|
|a RK
|
| 958 |
|
|
|a OND
|
| 958 |
|
|
|a EUIPO
|
| 958 |
|
|
|a article27
|
| 992 |
|
|
|a RBX
|
| 999 |
|
|
|c 2613178
|d 2615108
|